Normal view
MARC view
- Punzalan, Twila G.
Entry Personal Name
001 - CONTROL NUMBER
- control field: 23137
003 - CONTROL NUMBER IDENTIFIER
- control field: OSt
005 - DATE AND TIME OF LATEST TRANSACTION
- control field: 20171107234105.0
008 - FIXED-LENGTH DATA ELEMENTS
- fixed length control field: 171107|| aca||aabn | a|a d
040 ## - CATALOGING SOURCE
- Original cataloging agency: OSt
100 ## - HEADING--PERSONAL NAME
- Personal name: Punzalan, Twila G.
